| 000 | 00352cam a2200145ua 4500 | ||
|---|---|---|---|
| 082 |
_a512 _bMAN/AL |
||
| 100 |
_aManicavachagom , Pillay T. K. _91680 |
||
| 245 | _aAlgebra / | ||
| 250 | _a1 / | ||
| 260 |
_aChennai : _bS.Viswanathan , _c1970. |
||
| 300 | _a534 ; . | ||
| 700 | 1 |
_aGanapathy, K S . _91681 |
|
| 700 | 1 |
_aNatrajan, T . _91682 |
|
| 942 | _cBK | ||
| 999 |
_c131 _d131 |
||